Model course 1.30 On-board assessment / (Record no. 2035)

000 -LEADER
fixed length control field 00622nam a2200193Ia 4500
008 - FIXED-LENGTH DATA ELEMENTS--GENERAL INFORMATION
fixed length control field 190719s2001||||xx |||||||||||||| ||und||
020 ## - INTERNATIONAL STANDARD BOOK NUMBER
International Standard Book Number 9280150863
040 ## - CATALOGING SOURCE
Original cataloging agency IMU-KC
082 ## - DEWEY DECIMAL CLASSIFICATION NUMBER
Edition number 23
Classification number 623.880711
Item number I339
110 ## - MAIN ENTRY--CORPORATE NAME
9 (RLIN) 311
Corporate name or jurisdiction name as entry element International Maritime Organization.
245 #0 - TITLE STATEMENT
Title Model course 1.30 On-board assessment /
250 ## - EDITION STATEMENT
Edition statement 2001 ed.
260 ## - PUBLICATION, DISTRIBUTION, ETC. (IMPRINT)
Place of publication, distribution, etc London:
Name of publisher, distributor, etc International Maritime Organization,
Date of publication, distribution, etc 2001.
300 ## - PHYSICAL DESCRIPTION
Extent v, 120 p.;
Dimensions 30 cm.
650 ## - SUBJECT ADDED ENTRY--TOPICAL TERM
Topical term or geographic name as entry element Merchant mariners--Training of
Topical term or geographic name as entry element Ability--Testing
Topical term or geographic name as entry element Competency-based education
942 ## - ADDED ENTRY ELEMENTS (KOHA)
Source of classification or shelving scheme
Item type Books
Holdings
Withdrawn status Lost status Source of classification or shelving scheme Damaged status Not for loan Permanent location Current location Date acquired Source of acquisition Full call number Barcode Date last seen Cost, replacement price Koha item type
          IMU Kolkata IMU Kolkata 2002-09-10 Sterling Book House 623.880711 I339 09564 2020-02-11 1315.80 Books
Designed and Maintained by IMU-KC Library, Kolkata Campus © Copyright All Rights Reserved

webs counters

Powered by Koha